Welcome to CU Library Online Public Access Catalogue (OPAC)

INTEGRITY WITH FIRE (Record no. 7559)

MARC details
000 -LEADER
fixed length control field 00353nam a22001457a 4500
005 - DATE AND TIME OF LATEST TRANSACTION
control field 20250915143711.0
008 - FIXED-LENGTH DATA ELEMENTS--GENERAL INFORMATION
fixed length control field 250915b |||||||| |||| 00| 0 eng d
020 ## - INTERNATIONAL STANDARD BOOK NUMBER
International Standard Book Number 0927936550
050 ## - LIBRARY OF CONGRESS CALL NUMBER
Classification number BV464
Item number .I55 MUM
100 ## - MAIN ENTRY--PERSONAL NAME
Personal name MUMBA NEVERS
245 ## - TITLE STATEMENT
Title INTEGRITY WITH FIRE
260 ## - PUBLICATION, DISTRIBUTION, ETC.
Place of publication, distribution, etc. TULSA
Name of publisher, distributor, etc. VINCOM, INC.
Date of publication, distribution, etc. c1994
300 ## - PHYSICAL DESCRIPTION
Extent ix, 84p
942 ## - ADDED ENTRY ELEMENTS (KOHA)
Source of classification or shelving scheme Library of Congress Classification
Koha item type Books
Suppress in OPAC No
999 ## -
-- 7559
-- 7559
Holdings
Withdrawn status Lost status Source of classification or shelving scheme Damaged status Not for loan Collection Home library Current library Shelving location Date acquired Total checkouts Full call number Barcode Date last seen Copy number Price effective from Koha item type
    Library of Congress Classification     Non-fiction Undergraduate Library (Christ Temple) Undergraduate Library (Christ Temple) General stacks 09/15/2025   BV4647 MUM ulct00004789 09/15/2025 1 09/15/2025 Books
© 2023-2024 Copyright: Central University Libraries. All Rights Reserved | Created by: Mahone Tech Office